|
|
|
|
| LEADER |
02450nam a2200553 i 4500 |
| 001 |
nkc20152755611 |
| 003 |
CZ PrNK |
| 005 |
20160413081013.0 |
| 007 |
ta |
| 008 |
151130s2015 xr g 000 j cze |
| 015 |
|
|
|a cnb002755611
|
| 020 |
|
|
|a 978-80-7462-869-6
|q (vázáno)
|
| 035 |
|
|
|a (OCoLC)939572050
|
| 040 |
|
|
|a BOA001
|b cze
|d OLA001
|d ABA001
|e rda
|
| 041 |
1 |
|
|a cze
|h eng
|
| 072 |
|
7 |
|a 821.111-3
|x Anglická próza, anglicky psaná
|2 Konspekt
|9 25
|
| 080 |
|
|
|a 821.111-32
|2 MRF
|
| 080 |
|
|
|a (0:82-321.9)
|2 MRF
|
| 100 |
1 |
|
|a Colfer, Eoin,
|d 1965-
|7 xx0002126
|4 aut
|
| 240 |
1 |
0 |
|a Doctor Who: 11 doctors, 11 stories.
|l Česky
|
| 245 |
1 |
0 |
|a Doctor Who :
|b 11 doktorů, 11 příběhů /
|c Eoin Colfer, Michael Scott, Marcus Sedgwick, Philip Reeve, Patrick Ness, Richelle Meadová, Malorie Blackmanová, Alex Scarrow, Charlie Higson, Derek Landy, Neil Gaiman ; z anglického originálu Doctor Who: 11 doctors, 11 stories ... přeložila Věra Kovářová
|
| 250 |
|
|
|a Vydání první
|
| 264 |
|
1 |
|a Brno :
|b Jota,
|c 2015
|
| 300 |
|
|
|a 412 stran ;
|c 22 cm
|
| 336 |
|
|
|a text
|b txt
|2 rdacontent
|
| 337 |
|
|
|a bez média
|b n
|2 rdamedia
|
| 338 |
|
|
|a svazek
|b nc
|2 rdacarrier
|
| 500 |
|
|
|a "Soubor povídek k 50. výročí seriálu 11 doktorů, 11 příběhů, 1 pán času"--Zadní strana obálky
|
| 655 |
|
7 |
|a anglicky psané příběhy
|7 fd183173
|2 czenas
|
| 655 |
|
7 |
|a vědecko-fantastické příběhy
|7 fd133358
|2 czenas
|
| 655 |
|
9 |
|a stories in English
|2 eczenas
|
| 655 |
|
9 |
|a science fiction stories
|2 eczenas
|
| 700 |
1 |
|
|a Scott, Michael,
|d 1959-
|7 kup20020000089149
|4 aut
|
| 700 |
1 |
|
|a Sedgwick, Marcus,
|d 1968-
|7 xx0046891
|4 aut
|
| 700 |
1 |
|
|a Reeve, Philip,
|d 1966-
|7 xx0001502
|4 aut
|
| 700 |
1 |
|
|a Ness, Patrick,
|d 1971-
|7 xx0137928
|4 aut
|
| 700 |
1 |
|
|a Mead, Richelle,
|d 1976-
|7 xx0101469
|4 aut
|
| 700 |
1 |
|
|a Blackman, Malorie,
|d 1962-
|7 xx0064583
|4 aut
|
| 700 |
1 |
|
|a Scarrow, Alex,
|d 1966-
|7 xx0123903
|4 aut
|
| 700 |
1 |
|
|a Higson, Charles,
|d 1958-
|7 xx0069961
|4 aut
|
| 700 |
1 |
|
|a Landy, Derek,
|d 1974-
|7 xx0071305
|4 aut
|
| 700 |
1 |
|
|a Gaiman, Neil,
|d 1960-
|7 jn20000807024
|4 aut
|
| 700 |
1 |
|
|a Kovářová, Věra,
|d 1983-
|7 mzk2016898365
|4 trl
|
| 910 |
2 |
|
|a BOA001
|b 2-1358.764
|
| 990 |
|
|
|a BK
|
| 995 |
|
|
|a 01
|
| 991 |
|
|
|b 201601
|c NOV
|
| 996 |
6 |
|
|b 2610655586
|c 2-1358.764
|l MZK
|r Sklad / do 1 hodiny
|n 2
|p p.v.
|w 001538787
|u 000010
|a 1
|e BOA001
|j MZK50
|s P
|
| 996 |
7 |
|
|b 2610655587
|c 2-1358.764
|l MZK
|r Sklad / do 1 hodiny
|n 7
|p p.v.
|w 001538787
|u 000020
|a 1
|e BOA001
|j MZK50
|s A
|